[Event "15ème Open des Vins du Médoc"]
[Site "Naujac sur Mer ; France"]
[Date "2012.??.??"]
[Round "1.1"]
[White "Kaimer, Thomas"]
[Black "Demuth, Adrien"]
[Result "0-1"]
[WhiteElo "2202"]
[BlackElo "2423"]
[PlyCount "78"]
[EventDate "2012.??.??"]

1. e4 c5 2. Nf3 Nc6 3. Nc3 d6 4. d4 cxd4 5. Nxd4 Nf6 6. Bc4 Qb6 7. Ndb5 a6 8.
Be3 Qa5 9. Nd4 e6 10. O-O Qc7 11. Bb3 b5 12. f4 Na5 13. f5 e5 14. Nde2 Bb7 15.
Nd5 Nxd5 16. Bxd5 Nc4 17. Bxc4 Qxc4 18. Ng3 Bxe4 19. c3 Bb7 20. a4 h5 21. f6 g6
22. axb5 axb5 23. Rxa8+ Bxa8 24. h3 h4 25. Nh1 Kd7 26. Qd2 Qe4 27. Kh2 Rh5 28.
Ra1 Bc6 29. Rf1 Rf5 30. Rxf5 gxf5 31. Bg5 Ke6 32. Qf2 f4 33. Bxh4 Bh6 34. b4
Bd5 35. Qf1 f3 36. g4 Bf4+ 37. Ng3 Qe2+ 38. Kg1 Be3+ 39. Kh1 Qg2+ 0-1

[Event "15ème Open des Vins du Médoc"]
[Site "Naujac sur Mer ; France"]
[Date "2012.??.??"]
[Round "1.2"]
[White "Collas, Didier"]
[Black "Castro, John"]
[Result "1-0"]
[WhiteElo "2418"]
[BlackElo "2193"]
[PlyCount "147"]
[EventDate "2012.??.??"]

1. c4 Nf6 2. Nc3 c5 3. Nf3 g6 4. d4 cxd4 5. Nxd4 Bg7 6. e4 d6 7. Be2 O-O 8. O-O
Nc6 9. Be3 a5 10. f3 Nd7 11. Na4 Nb4 12. a3 Na6 13. Nc3 Ndc5 14. b4 Ne6 15. Nd5
Bd7 16. Ra2 Nac7 17. Nb6 Nxd4 18. Bxd4 Ne6 19. Be3 axb4 20. Nxa8 Qxa8 21. Qb3
bxa3 22. Rxa3 Qc8 23. Rb1 Bc6 24. Qb6 f5 25. exf5 Rxf5 26. Kh1 g5 27. Ra5 Rxa5
28. Qxa5 Be5 29. Bd3 Qe8 30. c5 d5 31. Bb5 Qh5 32. Bg1 Qg6 33. Re1 Qf6 34. Bxc6
bxc6 35. Qa6 Nf4 36. g3 Ng6 37. Kg2 h5 38. Bf2 Kg7 39. Qc8 Kf7 40. Rb1 Qe6 41.
Qxe6+ Kxe6 42. Rb6 Kd7 43. Ra6 Nf8 44. Ra7+ Ke6 45. Ra8 Bg7 46. Rd8 Nh7 47. Be3
Bf6 48. Kf2 Be5 49. Kg2 g4 50. f4 Bc3 51. Kf2 Nf6 52. Ke2 Ne4 53. Kd3 Bf6 54.
Bd4 Bxd4 55. Kxd4 Nd2 56. Rc8 Kd7 57. Rh8 Nb3+ 58. Ke5 Nxc5 59. Rxh5 Ne4 60. h3
gxh3 61. Rxh3 Nf6 62. Rh4 Ke8 63. Ke6 Kf8 64. Rh8+ Kg7 65. Rc8 Nh5 66. Rxc6
Nxg3 67. Rc7 Kg6 68. Rxe7 d4 69. Rd7 Nf5 70. Ke5 Nh4 71. Rd6+ Kh5 72. f5 Kg5
73. f6 Kg6 74. Ke6 1-0

[Event "15ème Open des Vins du Médoc"]
[Site "Naujac sur Mer ; France"]
[Date "2012.??.??"]
[Round "1.3"]
[White "Thalwitzer, David"]
[Black "Van Delft, Merijn"]
[Result "1/2-1/2"]
[WhiteElo "2174"]
[BlackElo "2408"]
[Annotator ",Jean-Luc"]
[PlyCount "66"]
[EventDate "2012.??.??"]

1. e4 c5 2. c3 d5 3. exd5 Qxd5 4. d4 g6 5. Be3 cxd4 6. cxd4 Bg7 7. Nc3 Qd8 8.
Nf3 Nh6 9. Bc4 Nf5 10. O-O Nc6 11. d5 Nxe3 12. fxe3 Ne5 13. Nxe5 Bxe5 14. d6 e6
15. Bb5+ Bd7 16. Qa4 f5 17. Rac1 a6 18. Bxd7+ Qxd7 19. Qxd7+ Kxd7 20. Na4 Kxd6
21. Nb6 Rad8 22. Nc4+ Kd5 23. Rfd1+ Ke4 24. Nd2+ Rxd2 25. Rxd2 Kxe3 26. Rd7 Kf4
27. Re1 Bxb2 28. Re2 Ba3 29. g3+ Kf3 30. Rxe6 Bc5+ 31. Kf1 b6 32. Rd3+ Kg4 33.
Kg2 Kg5 {(=)} 1/2-1/2

[Event "15ème Open des Vins du Médoc"]
[Site "Naujac sur Mer ; France"]
[Date "2012.??.??"]
[Round "1.4"]
[White "Colin, Vincent"]
[Black "Sanchez, Nicolas"]
[Result "1-0"]
[WhiteElo "2393"]
[BlackElo "2169"]
[PlyCount "51"]
[EventDate "2012.??.??"]

1. d4 Nf6 2. c4 g6 3. Nc3 Bg7 4. e4 d6 5. f4 O-O 6. Nf3 Na6 7. e5 Nd7 8. Be2 c5
9. exd6 exd6 10. O-O f5 11. Be3 Nf6 12. Kh1 b6 13. Ng5 h6 14. Bf3 Rb8 15. Nh3
Nc7 16. Qd2 Be6 17. b3 d5 18. Rad1 cxd4 19. Bxd4 dxc4 20. Qe2 Qc8 21. Be5 Bf7
22. bxc4 Nd7 23. Bxc7 Qxc7 24. Nb5 Qc5 25. Rxd7 Bxc4 26. Qxc4+ 1-0

[Event "15ème Open des Vins du Médoc"]
[Site "Naujac sur Mer ; France"]
[Date "2012.??.??"]
[Round "1.5"]
[White "Bouvet, Laurent"]
[Black "Velten, Paul"]
[Result "0-1"]
[WhiteElo "2155"]
[BlackElo "2379"]
[Annotator ",Jean-Luc"]
[PlyCount "90"]
[EventDate "2012.??.??"]

1. e4 e6 2. d4 d5 3. Nc3 Nc6 4. exd5 exd5 5. Nf3 Bb4 6. a3 Bxc3+ 7. bxc3 Nge7
8. Rb1 O-O 9. Bd3 b6 10. O-O Bf5 11. Bxf5 Nxf5 12. Qd3 Qd7 13. Bf4 Rac8 14.
Rfe1 f6 15. c4 dxc4 16. Qxc4+ Kh8 17. c3 Na5 18. Qe6 Qxe6 19. Rxe6 g5 20. Bg3
Nxg3 21. hxg3 Rce8 22. Rbe1 Rxe6 23. Rxe6 Kg7 24. Nd2 Kf7 25. d5 Re8 26. Rxe8
Kxe8 27. Kf1 Ke7 28. Ke2 Kd6 29. c4 f5 30. Kd3 h6 31. f4 {(=)} Kc5 32. Kc3 g4
33. Kd3 a6 34. a4 Kb4 35. Kd4 Nb7 36. Nf1 Nd6 37. Ne3 a5 38. Ke5 Kxa4 39. Nxf5
Nxc4+ 40. Ke6 Kb4 41. d6 cxd6 42. Nxd6 Ne3 43. Ne4 a4 44. Nd2 a3 45. Nf1 Nxf1
0-1

[Event "15ème Open des Vins du Médoc"]
[Site "Naujac sur Mer ; France"]
[Date "2012.??.??"]
[Round "1.6"]
[White "Marholev, Dimitar"]
[Black "Resnjanskij, Denis"]
[Result "1-0"]
[WhiteElo "2370"]
[BlackElo "2134"]
[Annotator ",Jean-Luc"]
[PlyCount "52"]
[EventDate "2012.??.??"]

1. e4 d5 2. exd5 Qxd5 3. Nc3 Qa5 4. d4 Nf6 5. Bc4 c6 6. Nf3 Bg4 7. h3 Bh5 8. g4
Bg6 9. Bd2 e6 10. g5 Nh5 11. Qe2 Bb4 12. a3 Nd7 13. O-O-O Qf5 14. Bd3 Nf4 15.
Bxf5 Nxe2+ 16. Nxe2 Bxd2+ 17. Nxd2 Bxf5 18. Nc4 Ke7 19. Ng3 g6 20. Ne3 h6 21.
h4 hxg5 22. hxg5 b5 23. b3 a5 24. c4 Rhc8 25. c5 Rab8 26. Ngxf5+ gxf5 {
et gain blanc au coup 40} 1-0

[Event "15ème Open des Vins du Médoc"]
[Site "Naujac sur Mer ; France"]
[Date "2012.??.??"]
[Round "1.7"]
[White "Louis, Thibault"]
[Black "Loiseau, Quentin"]
[Result "0-1"]
[WhiteElo "2113"]
[BlackElo "2300"]
[Annotator ",Jean-Luc"]
[PlyCount "80"]
[EventDate "2012.??.??"]

1. e4 e5 2. Nf3 Nc6 3. Bb5 a6 4. Bxc6 dxc6 5. O-O Bg4 6. h3 Bh5 7. g4 Bg6 8.
Nxe5 Qh4 9. Qf3 f6 10. Nxg6 hxg6 11. Kg2 g5 12. Rh1 Ne7 13. d4 Ng6 14. Nc3 Qh7
15. Kf1 O-O-O 16. Qf5+ Kb8 17. Be3 Bb4 18. a3 Bd6 19. Qa5 Rhe8 20. Rd1 Nh4 21.
Ke2 Bf4 22. Rd3 Rxe4 23. Nxe4 Qxe4 24. Re1 {(=)} Qf3+ 25. Kd2 Qxf2+ 26. Kc1 Nf3
27. Kd1 Qxe1+ 28. Qxe1 Nxe1 29. Kxe1 Re8 30. Kf2 Bxe3+ 31. Rxe3 Rxe3 32. Kxe3
Kc8 33. Ke4 g6 34. c4 Kd7 35. b4 b5 36. c5 Ke6 37. Kd3 Kd5 38. Ke3 f5 39. Kd3
f4 40. Kc3 Ke4 0-1

[Event "15ème Open des Vins du Médoc"]
[Site "Naujac sur Mer ; France"]
[Date "2012.??.??"]
[Round "1.8"]
[White "Collas, Silvia"]
[Black "Dierkes, Tobias"]
[Result "1/2-1/2"]
[WhiteElo "2284"]
[BlackElo "2107"]
[Annotator ",Jean-Luc"]
[PlyCount "106"]
[EventDate "2012.??.??"]

1. Nf3 c5 2. c4 Nf6 3. g3 g6 4. Bg2 Bg7 5. Nc3 Nc6 6. d4 cxd4 7. Nxd4 O-O 8.
Nc2 d6 9. O-O Bd7 10. Qd2 a6 11. Rd1 Rb8 12. Nd5 Be6 13. Rb1 Re8 14. b3 Qc8 15.
Bb2 Bxd5 16. cxd5 Ne5 17. Nd4 Qg4 18. h3 Qh5 19. f4 Bh6 20. e3 Ned7 21. g4 Nxg4
22. hxg4 Qxg4 23. Qe2 Nf6 24. Qxg4 Nxg4 25. Rd3 Rbc8 26. Bh3 f5 27. Bxg4 fxg4
28. Ne6 Rc2 29. Rc3 Re2 30. a4 Bf8 31. Rd3 Rc2 32. Nd4 Rc5 33. e4 Rec8 34. Kg2
h5 35. Kg3 Bh6 36. Rf1 Bg7 37. Rf2 Bf6 38. Rdd2 Kh7 39. Ne6 Rc3+ 40. Bxc3 Rxc3+
41. Kg2 h4 42. e5 dxe5 43. fxe5 Bxe5 44. Ng5+ Kg7 45. Rf7+ Kh6 46. Rxe7 h3+ 47.
Kf1 Rc1+ 48. Ke2 h2 49. Nf7+ Kg7 {(=)} 50. Nxe5+ Kg8 51. Re8+ Kg7 52. Re7+ Kg8
53. Re8+ Kg7 1/2-1/2

[Event "15ème Open des Vins du Médoc"]
[Site "Naujac sur Mer ; France"]
[Date "2012.??.??"]
[Round "1.10"]
[White "Favarel, Antoine"]
[Black "Larand, Manuel"]
[Result "1-0"]
[WhiteElo "2254"]
[BlackElo "2037"]
[PlyCount "57"]
[EventDate "2012.??.??"]

1. d4 Nf6 2. c4 c5 3. d5 b5 4. Qc2 Na6 5. a3 b4 6. e4 d6 7. Nf3 g6 8. e5 Ng4 9.
e6 fxe6 10. dxe6 Bxe6 11. Qa4+ Bd7 12. Qxa6 Bg7 13. axb4 cxb4 14. Be2 O-O 15.
O-O Qc7 16. Nbd2 Bh6 17. Qa5 Qb8 18. h3 Ne3 19. fxe3 Bxe3+ 20. Kh1 Rf5 21. Qa2
Rh5 22. Nh2 d5 23. Bxh5 Bxh3 24. gxh3 Qg3 25. Ndf3 Bf2 26. cxd5 Rc8 27. Bf4 Qh4
28. d6+ Kg7 29. Qe6 1-0

[Event "15ème Open des Vins du Médoc"]
[Site "Naujac sur Mer ; France"]
[Date "2012.??.??"]
[Round "1.11"]
[White "Devecchi, Jorge"]
[Black "Kirk, Ezra"]
[Result "1-0"]
[WhiteElo "1942"]
[BlackElo "2225"]
[Annotator ",Jean-Luc"]
[PlyCount "115"]
[EventDate "2012.??.??"]

1. e4 c5 2. Nf3 Nc6 3. d4 cxd4 4. c3 d3 5. Bxd3 g6 6. O-O Bg7 7. Qe2 d6 8. Rd1
Bd7 9. Na3 Nf6 10. e5 dxe5 11. Nxe5 Nxe5 12. Qxe5 O-O 13. Bb5 a6 14. Bxd7 Nxd7
15. Qd5 Ne5 16. Bf4 {(=)} Nc6 17. Nc4 Rc8 18. Qxd8 Rcxd8 19. Bc7 Rc8 20. Rd7
Rfe8 21. Nb6 Nb8 22. Bxb8 Rxb8 23. Rad1 e6 24. R1d3 Bf6 25. Kf1 Red8 26. Ke2
Kg7 27. Ke3 Re8 28. b3 Re7 29. c4 Rbe8 30. b4 Rxd7 31. Rxd7 Re7 32. Rxe7 Bxe7
33. c5 Kf8 34. Nc8 Bf6 35. Nd6 Bc3 36. a3 Bb2 37. Kd3 Bxa3 38. Kc4 Ke7 39. Nxb7
Kd7 40. Nd6 f5 41. b5 axb5+ 42. Kxb5 Bb2 43. Nf7 e5 44. c6+ Kc8 45. Kc5 Bd4+
46. Kd5 Bxf2 47. Nd6+ Kc7 48. Ne8+ Kd8 49. Kd6 Bh4 50. c7+ Kc8 51. g3 Bg5 52.
h4 Bd2 53. Kc6 Bb4 54. Nf6 Ba5 55. Nd5 Bxc7 56. Nxc7 f4 57. g4 Kd8 58. Kd6 1-0

[Event "15ème Open des Vins du Médoc"]
[Site "Naujac sur Mer ; France"]
[Date "2012.??.??"]
[Round "2.1"]
[White "Demuth, Adrien"]
[Black "Marholev, Dimitar"]
[Result "1/2-1/2"]
[WhiteElo "2423"]
[BlackElo "2370"]
[Annotator ",Jean-Luc"]
[PlyCount "34"]
[EventDate "2012.??.??"]

1. d4 Nf6 2. c4 c5 3. d5 Ne4 4. g3 g6 5. Bg2 Qa5+ 6. Nd2 Nd6 7. Qc2 Bg7 8. Ngf3
b5 9. O-O Na6 10. cxb5 Qxb5 11. a3 Qxe2 12. Re1 Qb5 13. Ne4 O-O 14. Nxd6 exd6
15. Nd2 Qa5 16. Qd1 Nc7 17. Nc4 Qa6 {(=)} 1/2-1/2

[Event "15ème Open des Vins du Médoc"]
[Site "Naujac sur Mer ; France"]
[Date "2012.??.??"]
[Round "2.2"]
[White "Loiseau, Quentin"]
[Black "Collas, Didier"]
[Result "1-0"]
[WhiteElo "2300"]
[BlackElo "2418"]
[Annotator ",Jean-Luc"]
[PlyCount "57"]
[EventDate "2012.??.??"]

1. d4 d5 2. c4 dxc4 3. Nf3 Nf6 4. e3 e6 5. Bxc4 c5 {(=)} 6. Qe2 a6 7. dxc5 Bxc5
8. e4 Nc6 9. O-O Qc7 10. e5 Nd7 11. Bf4 Nd4 12. Nxd4 Bxd4 13. Rd1 Bxb2 14. Qxb2
Qxc4 15. Rd4 Qb5 16. Rb4 Qd3 17. Nd2 O-O 18. Ne4 f6 19. exf6 Nxf6 20. Nxf6+
Rxf6 21. Be5 Rf7 22. Rd4 Qb5 23. Rd8+ Rf8 24. Qd4 g6 25. Rxf8+ Kxf8 26. Qd8+
Qe8 27. Bg7+ Kf7 28. Qf6+ Kg8 29. Bh6 1-0

[Event "15ème Open des Vins du Médoc"]
[Site "Naujac sur Mer ; France"]
[Date "2012.??.??"]
[Round "2.3"]
[White "Fantinel, Thibault"]
[Black "Colin, Vincent"]
[Result "1-0"]
[WhiteElo "2279"]
[BlackElo "2393"]
[PlyCount "115"]
[EventDate "2012.??.??"]

1. c4 b6 2. Nc3 c5 3. Nf3 Bb7 4. d4 cxd4 5. Nxd4 Nf6 6. f3 d6 7. e4 e6 8. Be2
Be7 9. O-O O-O 10. Be3 a6 11. Rc1 Nbd7 12. Qd2 Qc7 13. Rfd1 Rfc8 14. Bf1 Qd8
15. Qf2 Rab8 16. b3 g6 17. a4 Qf8 18. g3 Qg7 19. Qa2 g5 20. Bg2 Ne5 21. a5 bxa5
22. Qxa5 Nfd7 23. Kh1 Nc5 24. Qa2 g4 25. f4 Ned3 26. Nd5 exd5 27. Nf5 Qf8 28.
Qe2 h5 29. Rxd3 Nxd3 30. Qxd3 dxe4 31. Bxe4 Bxe4+ 32. Qxe4 Bf6 33. Qd3 d5 34.
Qxd5 Rxb3 35. c5 Rb5 36. Nd6 Rd8 37. Qxh5 Qe7 38. Qxg4+ Kf8 39. Bf2 Rb2 40. Re1
Qd7 41. Ne4 Qb7 42. c6 Qxc6 43. Bc5+ Be7 44. Bxe7+ Kxe7 45. Qg5+ f6 46. Qg7+
Ke8 47. Kg1 Rd7 48. Nxf6+ Kd8 49. Qxd7+ Qxd7 50. Nxd7 Kxd7 51. Ra1 Ke6 52.
Rxa6+ Kf5 53. Ra1 Kg4 54. f5 Kh3 55. f6 Rg2+ 56. Kf1 Kxh2 57. Ra8 Rxg3 58. Rh8+
1-0

[Event "15ème Open des Vins du Médoc"]
[Site "Naujac sur Mer ; France"]
[Date "2012.??.??"]
[Round "2.4"]
[White "Velten, Paul"]
[Black "Favarel, Antoine"]
[Result "1-0"]
[WhiteElo "2379"]
[BlackElo "2254"]
[PlyCount "119"]
[EventDate "2012.??.??"]

1. d4 Nf6 2. Nf3 e6 3. g3 b5 4. Bg2 Bb7 5. Qd3 a6 6. Bg5 c5 7. O-O d5 8. c3
Nbd7 9. Nbd2 Be7 10. Rad1 O-O 11. Bxf6 Bxf6 12. Rfe1 Qb6 13. g4 g6 14. Nf1 Rad8
15. Ne3 Bg7 16. g5 f5 17. h4 Qd6 18. b3 c4 19. Qb1 Bc6 20. Rd2 a5 21. Rc1 Ra8
22. a4 Rfb8 23. axb5 Rxb5 24. Rb2 Rab8 25. Qa1 f4 26. Nd1 cxb3 27. Nd2 a4 28.
c4 Rb4 29. e3 fxe3 30. fxe3 a3 31. Qxa3 Ra8 32. cxd5 Rxa3 33. Rxc6 Qe7 34. dxe6
Nf8 35. Nc3 Ra1+ 36. Kh2 Rxd4 37. exd4 Bxd4 38. Nd5 Qe8 39. Rxb3 Nxe6 40. Nf3
Bg7 41. Rc8 Nd8 42. Nf4 Rd1 43. Rbb8 Bf8 44. Kh3 Rd7 45. Bf1 Qe4 46. Kg3 Be7
47. Bc4+ Kg7 48. h5 h6 49. Ne6+ Kh7 50. hxg6+ Kxg6 51. Nf4+ Kh7 52. g6+ Kg7 53.
Rb6 Bd6 54. Rxd6 Rxd6 55. Rc7+ Kf6 56. g7 Qxc4 57. Nh5+ Kg6 58. Rxc4 Kh7 59.
Ne5 Ne6 60. Nf6+ 1-0

[Event "15ème Open des Vins du Médoc"]
[Site "Naujac sur Mer ; France"]
[Date "2012.??.??"]
[Round "2.5"]
[White "Van Delft, Merijn"]
[Black "Devecchi, Jorge"]
[Result "1-0"]
[WhiteElo "2408"]
[BlackElo "1942"]
[PlyCount "39"]
[EventDate "2012.??.??"]

1. e4 d5 2. exd5 Qxd5 3. Nf3 Nf6 4. d4 Bg4 5. Be2 Nc6 6. c4 Qh5 7. Be3 e6 8.
Nbd2 O-O-O 9. a3 e5 10. d5 Ne7 11. Ng5 Nf5 12. Bxg4 Nxg4 13. Nxf7 Nfxe3 14.
fxe3 Bc5 15. Nxd8 Bxe3 16. Ne4 Rxd8 17. h3 Nf6 18. Qxh5 Nxh5 19. g3 Bd4 20.
O-O-O 1-0

[Event "15ème Open des Vins du Médoc"]
[Site "Naujac sur Mer ; France"]
[Date "2012.??.??"]
[Round "2.6"]
[White "Dierkes, Tobias"]
[Black "Thalwitzer, David"]
[Result "1/2-1/2"]
[WhiteElo "2107"]
[BlackElo "2174"]
[Annotator ",Jean-Luc"]
[PlyCount "65"]
[EventDate "2012.??.??"]

1. d4 Nf6 2. Nf3 g6 3. g3 Bg7 4. Bg2 O-O 5. O-O d6 6. b3 c6 7. Bb2 Bf5 8. Nbd2
Qc8 9. Re1 Ne4 10. Nh4 Nxd2 11. Qxd2 Bh3 12. Bh1 Bf6 13. Nf3 Na6 14. c4 Nc7 15.
e4 Bg4 16. e5 Bg7 17. d5 cxd5 18. exd6 Bxb2 19. dxe7 Bxa1 20. exf8=Q+ Qxf8 21.
Rxa1 Bxf3 22. Bxf3 dxc4 {(=)} 23. Rc1 Rd8 24. Qa5 Ne6 25. Rxc4 b6 26. Qxa7 Nd4
27. Bb7 Qd6 28. Bg2 h5 29. h4 Kg7 30. Be4 Qe6 31. Qb7 Rd7 32. Qa8 Rd8 33. Qb7 {
(=)} 1/2-1/2

[Event "15ème Open des Vins du Médoc"]
[Site "Naujac sur Mer ; France"]
[Date "2012.??.??"]
[Round "2.7"]
[White "Kirk, Ezra"]
[Black "Collas, Silvia"]
[Result "1-0"]
[WhiteElo "2225"]
[BlackElo "2284"]
[Annotator ",Jean-Luc"]
[PlyCount "79"]
[EventDate "2012.??.??"]

1. d4 Nf6 2. c4 e6 3. Nc3 d5 4. cxd5 exd5 5. Bg5 c6 6. e3 Be7 7. Qc2 Nbd7 8.
Bd3 O-O 9. Nge2 Re8 10. O-O Nf8 11. f3 g6 {(=)} 12. Bh4 Ne6 13. Rad1 a5 14. Bf2
Bf8 15. a3 Bd7 16. Rb1 b5 17. e4 dxe4 18. fxe4 Ng4 19. e5 Bg7 20. Ne4 Nc7 21.
h3 Nxf2 22. Rxf2 Nd5 23. Nf4 Qb6 24. Nxd5 cxd5 25. Nc5 Be6 26. h4 b4 27. Rbf1
Rec8 28. Qe2 Rxc5 29. dxc5 Qxc5 30. axb4 axb4 31. Re1 b3 32. Qe3 d4 33. Qf4 h5
34. Rfe2 Rc8 35. Rf2 Qb4 36. Ra1 Rc5 37. Ra8+ Kh7 38. Re2 Qb7 39. Ra1 Qc7 40.
Rae1 {Noir perd au temps.} 1-0

[Event "15ème Open des Vins du Médoc"]
[Site "Naujac sur Mer ; France"]
[Date "2012.??.??"]
[Round "2.8"]
[White "Faugerolle, Nicolas"]
[Black "Kaimer, Thomas"]
[Result "0-1"]
[WhiteElo "1827"]
[BlackElo "2202"]
[PlyCount "122"]
[EventDate "2012.??.??"]

1. d4 Nf6 2. Nf3 c5 3. e3 g6 4. b3 Bg7 5. Bb2 O-O 6. Nbd2 cxd4 7. exd4 Nc6 8.
Bd3 Nb4 9. Be2 d6 10. a3 Nbd5 11. O-O Nf4 12. Re1 Nxe2+ 13. Qxe2 Re8 14. c4 Bf5
15. Rac1 Bh6 16. Rc3 Rc8 17. Nh4 Bg4 18. f3 Bd7 19. g4 Qb6 20. Rd3 Qa5 21. Ng2
Qb6 22. h3 Bg7 23. Kh2 d5 24. Ne3 Bh6 25. h4 Bf4+ 26. Kh1 Bc6 27. Ndf1 Qd8 28.
Ng2 Bb8 29. Nd2 Qd6 30. Nf1 b6 31. Qd2 Bb7 32. Rc1 Rc7 33. Qe2 Rec8 34. Nge3
Ba6 35. Rd2 Qf4 36. Rdc2 Qd6 37. Qf2 Qd7 38. Nd2 Bb7 39. Kg1 Qe6 40. Qe2 Qd6
41. Qf2 Nd7 42. Nef1 Nf8 43. Qe2 Ne6 44. b4 dxc4 45. Nxc4 Qd5 46. Ne5 Nxd4 47.
Bxd4 Qxd4+ 48. Kg2 Rxc2 49. Rxc2 Rxc2 50. Qxc2 Bxe5 51. Nd2 Qxg4+ 52. Kf1 Ba6+
53. Kf2 Bd4+ 54. Ke1 Qg1+ 55. Nf1 Qxf1+ 56. Kd2 Qe2+ 57. Kc1 Qe1+ 58. Qd1 Bb2+
59. Kc2 Qc3+ 60. Kb1 Bd3+ 61. Ka2 Qxa3# 0-1

[Event "15ème Open des Vins du Médoc"]
[Site "Naujac sur Mer ; France"]
[Date "2012.??.??"]
[Round "2.9"]
[White "Castro, John"]
[Black "Ferrandi, Bernard"]
[Result "1-0"]
[WhiteElo "2193"]
[BlackElo "1817"]
[PlyCount "71"]
[EventDate "2012.??.??"]

1. e4 e5 2. Nc3 f5 3. exf5 Nf6 4. g4 c6 5. g5 d5 6. gxf6 Qxf6 7. d3 Bc5 8. Be3
Bxe3 9. fxe3 Qh4+ 10. Kd2 d4 11. Ne4 dxe3+ 12. Kc1 O-O 13. Ne2 Bxf5 14. N2g3
Na6 15. Qe1 Qh6 16. Nxf5 Rxf5 17. Be2 Nc7 18. c3 Raf8 19. Kc2 Nd5 20. Rc1 Nf4
21. Kb1 c5 22. Rc2 Qc6 23. c4 Rd8 24. Rf1 Rf7 25. Qc1 Nxd3 26. Bxd3 Rxd3 27.
Rxf7 Qxe4 28. Rf1 Rd2 29. Rd1 Rxh2 30. Re1 Rh3 31. Ka1 h5 32. Rce2 Kf7 33. Rxe3
Rxe3 34. Rxe3 Qd4 35. Qf1+ Qf4 36. Rf3 1-0

[Event "15ème Open des Vins du Médoc"]
[Site "Naujac sur Mer ; France"]
[Date "2012.??.??"]
[Round "2.10"]
[White "Sanchez, Nicolas"]
[Black "Banana, Adnane"]
[Result "1-0"]
[WhiteElo "2169"]
[BlackElo "1785"]
[PlyCount "155"]
[EventDate "2012.??.??"]

1. d4 Nf6 2. c4 e6 3. Nc3 Bb4 4. Qc2 d5 5. Nf3 c5 6. e3 O-O 7. a3 cxd4 8. exd4
Be7 9. Bg5 h6 10. Bh4 b6 11. cxd5 Nxd5 12. Nxd5 exd5 13. Bg3 Ba6 14. Bxa6 Nxa6
15. O-O Qc8 16. Rac1 Qxc2 17. Rxc2 Rac8 18. Rfc1 Rxc2 19. Rxc2 f6 20. Kf1 Kf7
21. Ke2 Ke6 22. Kd3 Kd7 23. Nh4 Bd6 24. Bxd6 Kxd6 25. Nf5+ Kd7 26. Nxg7 Rg8 27.
Nh5 Rxg2 28. Nxf6+ Ke7 29. Nxd5+ Kd6 30. Ne3 Rxh2 31. Ke4 Nc7 32. Nc4+ Kd7 33.
Ne5+ Kd8 34. Nc6+ Kd7 35. Ne5+ Kd8 36. d5 Ne8 37. Nc6+ Kd7 38. Ne5+ Kd8 39.
Nc6+ Kd7 40. Nxa7 h5 41. Nb5 Rg2 42. Kf3 Rg5 43. Nc3 Nf6 44. Kf4 Rg2 45. Kf3
Rg5 46. Rd2 h4 47. Rd4 Rh5 48. Kg2 h3+ 49. Kh2 Kd6 50. Ne4+ Nxe4 51. Rxe4 Kxd5
52. Re3 Rf5 53. f3 Rh5 54. Rb3 Kc5 55. f4 b5 56. Rxh3 Rf5 57. Rf3 b4 58. Kg3
bxa3 59. Rxa3 Kd6 60. Ra6+ Ke7 61. Rb6 Rc5 62. Kg4 Rc2 63. Kg5 Rf2 64. Kf5 Kd7
65. Ke5 Re2+ 66. Kf6 Kc7 67. Rb3 Rf2 68. f5 Rf1 69. Rd3 Rf2 70. b3 Rf1 71. Ke6
Re1+ 72. Kf7 Re2 73. f6 Re1 74. Kf8 Re2 75. f7 Re4 76. Rf3 Kd7 77. Kg7 Rg4+ 78.
Kf6 1-0

[Event "15ème Open des Vins du Médoc"]
[Site "Naujac sur Mer ; France"]
[Date "2012.??.??"]
[Round "3.1"]
[White "Maruejols, Claude"]
[Black "Velten, Paul"]
[Result "0-1"]
[WhiteElo "1909"]
[BlackElo "2379"]
[PlyCount "72"]
[EventDate "2012.??.??"]

1. d4 d5 2. c4 dxc4 3. Nf3 Nf6 4. Nc3 a6 5. e4 b5 6. e5 Nd5 7. a4 Bb7 8. e6
fxe6 9. Ne5 Nc6 10. f4 g6 11. Ne4 Nxe5 12. fxe5 Nb4 13. Nc5 Bc6 14. Be3 Nd5 15.
Bg5 h6 16. Bd2 Nb6 17. Qg4 Rg8 18. Be2 h5 19. Qh4 Nxa4 20. Rxa4 Bxg2 21. Rg1
Qd5 22. Rxa6 Rxa6 23. Nxa6 Kd8 24. Qf2 Be4 25. Nc5 g5 26. Bxh5 Bh6 27. Qf7 Rh8
28. h4 Bf5 29. Rxg5 Bxg5 30. Bxg5 Qxd4 31. Nxe6+ Bxe6 32. Qxe7+ Kc8 33. Qxe6+
Kb8 34. Bg4 Qe4+ 35. Kd1 Qb1+ 36. Bc1 Rd8+ 0-1

[Event "15ème Open des Vins du Médoc"]
[Site "Naujac sur Mer ; France"]
[Date "2012.??.??"]
[Round "3.2"]
[White "L'Hospital, Philippe"]
[Black "Loiseau, Quentin"]
[Result "0-1"]
[WhiteElo "1895"]
[BlackElo "2300"]
[PlyCount "60"]
[EventDate "2012.??.??"]

1. d4 c5 2. e3 g6 3. Nf3 Bg7 4. Be2 Nf6 5. Nbd2 d6 6. O-O O-O 7. dxc5 dxc5 8.
e4 Nc6 9. c3 Qc7 10. Qc2 b6 11. Re1 Bb7 12. Nf1 Ne5 13. Nxe5 Qxe5 14. f3 h5 15.
Be3 h4 16. Bf2 h3 17. g3 Rfd8 18. Rad1 Bh6 19. Ne3 Kg7 20. Nc4 Qe6 21. Bf1 Rxd1
22. Qxd1 Rc8 23. b3 Nh7 24. Ne3 Ng5 25. Ng4 Rd8 26. Qe2 Rd2 27. Qe3 Bxe4 28.
fxe4 Qxg4 29. Be2 Qxe4 30. Qxe4 Nxe4 0-1

[Event "15ème Open des Vins du Médoc"]
[Site "Naujac sur Mer ; France"]
[Date "2012.??.??"]
[Round "3.3"]
[White "Martin, Eric"]
[Black "Fantinel, Thibault"]
[Result "0-1"]
[WhiteElo "1873"]
[BlackElo "2279"]
[PlyCount "53"]
[EventDate "2012.??.??"]

1. e4 c5 2. Nc3 Nc6 3. Bb5 Nd4 4. Bc4 e6 5. Nge2 Nf6 6. O-O a6 7. d3 b5 8. Bb3
Nxb3 9. axb3 Bb7 10. Bg5 Be7 11. f4 h6 12. Bxf6 Bxf6 13. e5 Be7 14. f5 exf5 15.
Rxf5 O-O 16. Ne4 d6 17. Qe1 Bc8 18. Rh5 Bg4 19. Rxh6 gxh6 20. Qg3 h5 21. h3 h4
22. Qe3 Bxe2 23. Qh6 dxe5 24. Re1 Rb8 25. Rxe2 Rb6 26. Qh5 f5 27. Nd2 0-1

[Event "15ème Open des Vins du Médoc"]
[Site "Naujac sur Mer ; France"]
[Date "2012.??.??"]
[Round "3.4"]
[White "Cazeaux, Didier"]
[Black "Pokee, Anne"]
[Result "1/2-1/2"]
[WhiteElo "1815"]
[BlackElo "1933"]
[Annotator ",Jean-Luc"]
[PlyCount "22"]
[EventDate "2012.??.??"]

1. e4 c5 2. c3 g6 3. f4 e6 4. Nf3 a6 5. g3 Bg7 6. Bg2 Ne7 7. O-O O-O 8. d3 Nbc6
9. Be3 b6 10. Bf2 Bb7 11. Qd2 Qc7 {(=)} 1/2-1/2

[Event "15ème Open des Vins du Médoc"]
[Site "Naujac sur Mer ; France"]
[Date "2012.??.??"]
[Round "3.5"]
[White "Demuth, Adrien"]
[Black "Gillet, Noel"]
[Result "1-0"]
[WhiteElo "2423"]
[BlackElo "1700"]
[PlyCount "43"]
[EventDate "2012.??.??"]

1. d4 Nf6 2. c4 g6 3. Nc3 Bg7 4. e4 d6 5. Nf3 O-O 6. Be2 e5 7. Be3 Nc6 8. d5
Ne7 9. Nd2 Nd7 10. Rc1 f5 11. f3 Nf6 12. c5 c6 13. cxd6 Nexd5 14. exd5 cxd5 15.
Nb5 b6 16. Qb3 Kh8 17. O-O f4 18. Bf2 Nh5 19. Qxd5 Qg5 20. Ne4 Qh6 21. Qxa8 Bf5
22. Qd5 1-0

[Event "15ème Open des Vins du Médoc"]
[Site "Naujac sur Mer ; France"]
[Date "2012.??.??"]
[Round "3.7"]
[White "Collas, Didier"]
[Black "Banana, Adnane"]
[Result "1-0"]
[WhiteElo "2418"]
[BlackElo "1785"]
[PlyCount "53"]
[EventDate "2012.??.??"]

1. e4 c5 2. Nf3 d6 3. d4 cxd4 4. Nxd4 Nf6 5. Nc3 a6 6. f4 Nbd7 7. Bc4 Qc7 8.
Bb3 Nc5 9. Nd5 Nxd5 10. exd5 g6 11. O-O Bg7 12. Be3 O-O 13. c3 Bd7 14. Bc2 b5
15. Qd2 e5 16. dxe6 fxe6 17. Rad1 Rad8 18. Qe1 e5 19. fxe5 Rxf1+ 20. Kxf1 Bxe5
21. Kg1 Bg4 22. Nf3 Re8 23. Qd2 Bg7 24. Qd5+ Qf7 25. Kf2 Qxd5 26. Rxd5 Be6 27.
Rxd6 1-0

[Event "15ème Open des Vins du Médoc"]
[Site "Naujac sur Mer ; France"]
[Date "2012.??.??"]
[Round "3.8"]
[White "Colin, Vincent"]
[Black "Prioux, Michel"]
[Result "1-0"]
[WhiteElo "2393"]
[BlackElo "1782"]
[PlyCount "41"]
[EventDate "2012.??.??"]

1. e4 c5 2. c3 e6 3. d4 d5 4. e5 Bd7 5. Nf3 Qb6 6. Bd3 Nc6 7. O-O cxd4 8. cxd4
Nb4 9. Nc3 Nxd3 10. Qxd3 Ne7 11. a3 Nf5 12. g4 Nh6 13. h3 Be7 14. b4 Ng8 15.
Bd2 f5 16. gxf5 Nh6 17. f6 Bf8 18. Bxh6 gxh6 19. Nd2 Rg8+ 20. Kh1 Rg6 21. Nb3
1-0